The market potential for smart homes. (Record no. 100939)
[ view plain ]
| 000 -LEADER | |
|---|---|
| fixed length control field | 00750cam a2200277 4500 |
| 008 - FIXED-LENGTH DATA ELEMENTS--GENERAL INFORMATION | |
| fixed length control field | 000000n2000 000 0 eng u |
| 020 ## - INTERNATIONAL STANDARD BOOK NUMBER | |
| International Standard Book Number | 1842630105 |
| 035 ## - SYSTEM CONTROL NUMBER | |
| System control number | (Sirsi) u109416 |
| 050 ## - LIBRARY OF CONGRESS CALL NUMBER | |
| Classification number | 696.9 |
| 100 ## - MAIN ENTRY--PERSONAL NAME | |
| Personal name | Pragnell, Mark |
| 110 ## - MAIN ENTRY--CORPORATE NAME | |
| Corporate name or jurisdiction name as entry element | Joseph Rowntree Foundation |
| 9 (RLIN) | 2318 |
| 245 #4 - TITLE STATEMENT | |
| Title | The market potential for smart homes. |
| 260 ## - PUBLICATION, DISTRIBUTION, ETC. | |
| Place of publication, distribution, etc. | York |
| Name of publisher, distributor, etc. | York Publishing Services |
| Date of publication, distribution, etc. | 2000 |
| 300 ## - PHYSICAL DESCRIPTION | |
| Extent | vii, 31p. ; 28cm. |
| 350 ## - PRICE (NR) (BK AM CF MU VM SE) [OBSOLETE] | |
| Price | 10.95 |
| 650 ## - SUBJECT ADDED ENTRY--TOPICAL TERM | |
| Topical term or geographic name entry element | INTELLIGENT BUILDINGS |
| 650 ## - SUBJECT ADDED ENTRY--TOPICAL TERM | |
| Topical term or geographic name entry element | SMART HOMES |
| 650 ## - SUBJECT ADDED ENTRY--TOPICAL TERM | |
| Topical term or geographic name entry element | TECHNOLOGY |
| 650 ## - SUBJECT ADDED ENTRY--TOPICAL TERM | |
| Topical term or geographic name entry element | SHELTERED HOUSING |
| 650 ## - SUBJECT ADDED ENTRY--TOPICAL TERM | |
| Topical term or geographic name entry element | MARKETING |
| 650 ## - SUBJECT ADDED ENTRY--TOPICAL TERM | |
| Topical term or geographic name entry element | HOME AUTOMATION |
| 690 ## - LOCAL SUBJECT ADDED ENTRY--TOPICAL TERM (OCLC, RLIN) | |
| Topical term or geographic name as entry element | BUILT ENVIRONMENT-CONSTRUCTION DESIGN |
| 700 ## - ADDED ENTRY--PERSONAL NAME | |
| Personal name | Spence, Lorna |
| 700 ## - ADDED ENTRY--PERSONAL NAME | |
| Personal name | Moore, Roger |
| 942 ## - ADDED ENTRY ELEMENTS (KOHA) | |
| Suppress in OPAC | 0 |
| Withdrawn status | Lost status | Source of classification or shelving scheme | Damaged status | Not for loan | Home library | Current library | Shelving location | Date acquired | Cost, normal purchase price | Total Checkouts | Full call number | Barcode | Date last seen | Date last checked out | Copy number | Cost, replacement price | Price effective from | Koha item type |
|---|---|---|---|---|---|---|---|---|---|---|---|---|---|---|---|---|---|---|
| Dewey Decimal Classification | London | London | Folio | 03/01/2001 | 10.95 | 3 | F696.9 PRA | 30063131 | 06/08/2019 | 27/11/2007 | 1 | 10.95 | 06/08/2019 | Book |